كتب خانه ++ Kutub Khana / (Record no. 80397)
[ view plain ]
| 000 -LEADER | |
|---|---|
| fixed length control field | 00605naa a2200205 a 4500 |
| 001 - CONTROL NUMBER | |
| control field | 80397 |
| 003 - CONTROL NUMBER IDENTIFIER | |
| rucl marc code | BD-RjUL |
| 005 - DATE AND TIME OF LATEST TRANSACTION | |
| control field | 20220920095650.0 |
| 008 - FIXED-LENGTH DATA ELEMENTS--GENERAL INFORMATION | |
| fixed length control field | 220920s1994 ii ||||| |||| 00| 0 ur d |
| 035 ## - SYSTEM CONTROL NUMBER | |
| System control number | (BD-RjUL)80397 |
| 040 ## - CATALOGING SOURCE | |
| Original cataloging agency | BD-RjUL |
| Language of cataloging | eng |
| Transcribing agency | BD-RjUL |
| 041 ## - LANGUAGE CODE | |
| Language code of text/sound track or separate title | urd |
| 082 ## - DEWEY DECIMAL CLASSIFICATION NUMBER | |
| Edition number | 23 |
| Classification number | 020 |
| Author mark and year | ABT 1994 |
| 100 ## - MAIN ENTRY--PERSONAL NAME | |
| Personal name | عابدي, رضا علي +++ Abidi, Raza Ali |
| 9 (RLIN) | 4905 |
| 245 10 - TITLE STATEMENT | |
| Title | كتب خانه ++ Kutub Khana / |
| Statement of responsibility, etc. | رضا علي عابدي ** Raza Ali Abidi |
| 260 ## - PUBLICATION, DISTRIBUTION, ETC. (IMPRINT) | |
| Place of publication, distribution, etc. | Aligarh : |
| Name of publisher, distributor, etc. | Educational book House , |
| Date of publication, distribution, etc. | 1994 |
| 300 ## - PHYSICAL DESCRIPTION | |
| Pagination | 168 p. ; |
| Size | 23 cm |
| 650 ## - SUBJECT ADDED ENTRY--TOPICAL TERM | |
| Topical term or geographic name as entry element | Library |
| 9 (RLIN) | 366 |
| 942 ## - ADDED ENTRY ELEMENTS (KOHA) | |
| Source of classification or shelving scheme | Dewey Decimal Classification |
| Koha item type | Books |
| Lost status | Source of classification or shelving scheme | Damaged status | Not for loan | Collection code | Permanent Location | Current Location | Shelving location | Date acquired | Source of acquisition | Cost, normal purchase price | Total Checkouts | Full call number | Date last seen | Copy number | Koha item type |
|---|---|---|---|---|---|---|---|---|---|---|---|---|---|---|---|
| Dewey Decimal Classification | Not For Loan | Non-fiction | Central Library, University of Rajshahi | Central Library, University of Rajshahi | Reading Room | Utar bango Library, Rajshahi | 100.00 | U 020 ABT 1994 | 20/09/2022 | C-1 | Books |